Stochastic Models in Queueing Theory

Αποθηκεύτηκε σε:
Λεπτομέρειες βιβλιογραφικής εγγραφής
Κύριος συγγραφέας: Medhi, J. (Jyotiprasad)
Μορφή: Βιβλίο
Γλώσσα:English
Δημοσίευση: Boston : Academic Press, c1991
Θέματα:
Ετικέτες: Προσθήκη ετικέτας
Δεν υπάρχουν, Καταχωρήστε ετικέτα πρώτοι!

MARC

LEADER 00000nam a2200000 i 4500
001 1/44833
008 950525s1991 eng d
020 |a 0-12-487550-5 
035 |a 1995  |c ΠΑΠΑΔΟΠΟΥΛΟΣ  |l 10042382 
040 |a GR-MY-UA  |b gre  |e aacr 
041 0 |a eng 
082 0 |a 519.82 
100 1 |a Medhi, J.  |q (Jyotiprasad) 
245 1 0 |a Stochastic Models in Queueing Theory /  |c J. Medhi 
260 |a Boston :   |b Academic Press,   |c c1991 
300 |a xiii, 444 p.;  |b ill.;  |c 24 cm. 
500 |a Includes bibliographical references and indexes 
650 0 0 |a Queuing theory. 
650 0 0 |a Stochastic processes. 
852 |a INST  |b SAMOS  |e 19950525  |h 519.82 MED  |p 005300005508  |q 005300005508  |t BK  |y 0 
909 |a Σ  |b 038965